| 000 | 00385nam a22001457a 4500 | ||
|---|---|---|---|
| 005 | 20240109161614.0 | ||
| 008 | 190405b xxu||||| |||| 00| 0 eng d | ||
| 020 | _a978-93-81595-12-1 | ||
| 041 | _aeng | ||
| 100 | _aBOTHARA, DR. K.G. AND BOTHARA, DR . K.K. | ||
| 245 | _aFUNDAMENTALS OF PHARMACOGLOGY - VOLUME-II | ||
| 260 |
_aPUNE _bNIRALI PRAKASHAN |
||
| 300 | _aI.12p, | ||
| 942 | _cBK | ||
| 999 |
_c5811 _d5809 |
||